000 00313nam a22001337a 4500
008 170830b xxu||||| |||| 00| 0 eng d
020 _a9780205668946
041 _aeng
080 _a070
100 _a39
101 _aMED
245 _aA SHORT GUIDE TO WRITING ABOUT FILM
_cCORRIGAN.T
942 _2udc
_cBK
999 _c25475
_d25475